Italy World Cup squads 1962-2014 - Statistics

General Stats
  • This quiz has been taken 735 times
  • The average score is 79 of 212
Answer Stats
Answer % Correct
Gianluigi Buffon
99%
Lorenzo Buffon
99%
Daniele De Rossi
95%
Paolo Maldini
95%
Cesare Maldini
94%
Francesco Totti
94%
Alessandro Del Piero
92%
Andrea Pirlo
91%
Roberto Baggio
91%
Dino Baggio
90%
Giorgio Chiellini
90%
Fabio Cannavaro
89%
Gennaro Gattuso
87%
Leonardo Bonucci
87%
Paolo Rossi
87%
Alessandro Nesta
85%
Dino Zoff
85%
Filippo Inzaghi
85%
Franco Baresi
83%
Gianluca Zambrotta
83%
Giuseppe Baresi
83%
Luca Toni
83%
Mario Balotelli
82%
Andrea Barzagli
80%
Christian Vieri
79%
Lido Vieri
79%
Fabio Grosso
78%
Marco Materazzi
77%
Claudio Marchisio
73%
Antonio Di Natale
72%
Francesco Toldo
72%
Mauro Camoranesi
71%
Alberto Gilardino
69%
Antonio Cassano
69%
Vincenzo Iaquinta
68%
Ciro Immobile
67%
Fabio Quagliarella
65%
Gianluca Pagliuca
65%
Simone Perrotta
65%
Alessandro Costacurta
64%
Gianluca Vialli
63%
Angelo Peruzzi
62%
Luigi Riva
61%
Mattia De Sciglio
61%
Walter Zenga
61%
Lorenzo Insigne
60%
Antonio Conte
59%
Gianfranco Zola
59%
Giuseppe Bergomi
59%
Roberto Mancini
59%
Marco Tardelli
58%
Carlo Ancelotti
57%
Cristian Zaccardo
57%
Marco Verratti
57%
Salvatore Schillaci
57%
Thiago Motta
57%
Christian Panucci
55%
Demetrio Albertini
55%
Luigi Di Biagio
55%
Massimo Oddo
55%
Riccardo Montolivo
55%
Gaetano Scirea
54%
Angelo Di Livio
53%
Gianni Rivera
53%
Matteo Darmian
52%
Roberto Donadoni
51%
Simone Barone
51%
Bruno Conti
50%
Ignazio Abate
50%
Paolo Conti
50%
Alessandro Altobelli
49%
Cristiano Zanetti
49%
Enrico Chiesa
49%
Marco Amelia
49%
Salvatore Sirigu
48%
Alberto Aquilani
47%
Antonio Candreva
47%
Sandro Mazzola
47%
Vincenzo Montella
47%
Claudio Gentile
46%
Damiano Tommasi
46%
Giacinto Facchetti
46%
Antonio Cabrini
45%
Christian Abbiati
45%
Ciro Ferrara
44%
Daniele Massaro
44%
Simone Pepe
44%
Federico Marchetti
43%
Roberto Di Matteo
42%
Christian Maggio
41%
Francesco Graziani
40%
Franceso Graziani
40%
Gianluca Pessotto
40%
Giuseppe Signori
40%
Mauro Tassotti
40%
Marco Delvecchio
39%
Marco Parolo
39%
Morgan De Sanctis
39%
Domenico Criscito
38%
Giancarlo Antognoni
36%
Fernando De Napoli
35%
Francesco Coco
35%
Giovanni Galli
35%
Pietro Vierchowod
35%
Cristiano Doni
34%
Nicola Berti
34%
Roberto Bettega
34%
Giampaolo Pazzini
32%
Giuseppe Giannini
32%
Pierluigi Casiraghi
32%
Alberigo Evani
31%
Fulvio Collovati
31%
Antonio Benarrivo
30%
Gabriele Oriali
30%
Fabio Capello
29%
Mark Iuliano
29%
Mattia Perin
29%
Aldo Serena
28%
Alessio Cerci
28%
Franco Causio
28%
Luca Marchegiani
28%
Luigi De Agostini
28%
Moreno Torricelli
28%
Roberto Boninsegna
27%
Riccardo Ferri
26%
Gabriel Paletta
25%
Roberto Mussi
25%
Luigi Apolloni
24%
Tarcisio Burgnich
24%
Enrico Albertosi
23%
Francesco Moriero
23%
Stefano Tacconi
23%
Luca Bucci
22%
Angelo Palombo
21%
Omar Sívori
21%
Andrea Carnevale
20%
Giuseppe Dossena
19%
José Altafini
19%
Giovanni Trapattoni
18%
Ivano Bordon
18%
Salvatore Bocchetti
18%
Antonio Di Gennaro
16%
Lorenzo Minotti
16%
Paolo Pulici
16%
Pietro Anastasi
16%
Romeo Benetti
16%
Salvatore Bagni
16%
Giuseppe Galderisi
14%
Sandro Cois
14%
Giampiero Marini
13%
Giancarlo Marocchi
13%
Pierino Prati
13%
Angelo Domenghini
12%
Renato Zaccarelli
11%
Franco Selvaggi
10%
Franco Tancredi
10%
Giorgio Chinaglia
10%
Mauro Bellugi
10%
Aldo Maldera
9%
Antonio Juliano
9%
Claudio Sala
9%
Giancarlo De Sisti
9%
Giuseppe Furino
9%
Patrizio Sala
9%
Pierluigi Cera
9%
Sebastiano Nela
9%
Antonello Cuccureddu
8%
Roberto Rosato
8%
Roberto Tricella
8%
Sandro Salvadore
8%
Giacomo Bulgarelli
7%
Giovanni Lodetti
7%
Luciano Re Cecconi
6%
Eraldo Pecci
5%
Giorgio Ferrini
5%
Giuseppe Wilson
5%
Lionello Manfredonia
5%
Mario Bertini
5%
Mario David
5%
Francesco Morini
4%
Humberto Maschio
4%
Aristide Guarneri
3%
Comunardo Niccolai
3%
Luciano Spinosi
3%
Luigi Meroni
3%
Bruno Mora
2%
Luciano Castellini
2%
Pierluigi Pizzaballa
2%
Sergio Gori
2%
Ugo Ferrante
2%
Angelo Sormani
1%
Carlo Mattrel
1%
Ezio Pascutti
1%
Fabrizio Poletti
1%
Francesco Janich
1%
Francesco Rizzo
1%
Giacomo Losi
1%
Giampaolo Menichelli
1%
Gianfranco Leoncini
1%
Giorgio Puia
1%
Luigi Radice
1%
Marino Perani
1%
Paolo Barison
1%
Roberto Anzolin
1%
Romano Fogli
1%
Spartaco Landini
1%
Enzo Robotti
0%
Giuseppe Sabadini
0%
Paride Tumburus
0%
No matching quizzes found
Score Distribution
Percent of People with Each Score
Percentile by Number Answered
Your Score History
You have not taken this quiz